Discurso en que se trata si los Reyes de Castilla pueden imponer nuevos tributos sin concesión de las ciudades que tienen trato en las Cortes

Detalles Bibliográficos
Formato: Libro
Publicado: s.l., s.f.
Materias:
Colección:Banco de datos
Acervo:Biblioteca Palafoxiana. Colección de Manuscritos
Descripción Física:10 f. ; 20.5 x 31.5 cm.
Tema general:Eclesiástica
LEADER 00453nam a22001330004500
035 |a 1243 
245 1 0 |a Discurso en que se trata si los Reyes de Castilla pueden imponer nuevos tributos sin concesión de las ciudades que tienen trato en las Cortes 
260 |a s.l., s.f. 
300 |a 10 f. ; 20.5 x 31.5 cm. 
650 1 0 |a Eclesiástica 
949 |a 32208/008 
942 |c PALAMANU 
943 |g Biblioteca Palafoxiana. Colección de Manuscritos 
999 |c 1069188  |d 1069188